Gabler Wirtschaftslexikon

Saved in:
Bibliographic Details
Format: Book
Language:German
Published: Wiesbaden Gabler 1988
Edition:12. vollst. neu bearb. und erw. Aufl.
Subjects:
Tags: Add Tag
No Tags, Be the first to tag this record!

MARC

LEADER 00000nam a2200000 4500
001 c000236
005 20221219110954.3
020 |a 3-409-30324-3 
041 0 |a ger 
044 |a DE 
245 1 0 |a Gabler Wirtschaftslexikon 
250 |a 12. vollst. neu bearb. und erw. Aufl. 
264 1 |a Wiesbaden  |b Gabler  |c 1988 
300 |a 1036 s. 
610 2 0 |a terminológia 
610 2 0 |a ekonómia